000 00325nam a22001457a 4500
020 _a978-81-7436--1967
082 _a641.5
_bLUS
100 _aLUSTRE PRESS
245 _aDELHI KITCHEN
260 _aDELHI
_bLUSTER PRESS PUBLISHER
_c2015
300 _a96
650 _aHOTEL MANAGEMENT
653 _aKITCHEN
942 _2ddc
_cBK
999 _c8116
_d8116